| 000 | 01138cab a2200241 4500 | ||
|---|---|---|---|
| 001 | X93854 | ||
| 008 | 090401t1998 xxu||||| |||| 00| 0 eng d | ||
| 035 | _a(Sirsi) u88450 | ||
| 041 | _aeng | ||
| 245 | _aR v North Yorkshire CC ex parte Marilyn Brown and Leslie Cartwright | ||
| 260 | _c1998 | ||
| 350 | _a0 | ||
| 490 |
_aJournal of Planning and Environment Law _v(1998) JPL 764-771(8) |
||
| 520 | _aCA 27 January 1998. Minerals - Interim Development Order - procedure under Planning and Compensation Act 1991 -registration - application for determination of conditions - determination of application challenged in HC - whether environmental impact assessment required - EC Directive 85/337 - HC held that no assessment required - appeal to CA - appeal allowed ad determination of conditions quashed. | ||
| 650 | _aEC DIRECTIVE | ||
| 650 | _aENVIRONMENTAL IMPACT ASSESSMENTS | ||
| 650 | _aINTERIM DEVELOPMENT ORDER | ||
| 650 | _aPLANNING AND COMPENSATION ACT 1991 | ||
| 650 | _aR V NORTH YORKSHIRE CC EX PARTE MARILYN BRWN AND LESLIE CARTWIRGHT | ||
| 690 | _aPLANNING LAW AND PRACTICE | ||
| 942 | _n0 | ||
| 948 | _c11/09/1998 | ||
| 999 |
_c55872 _d55872 |
||